Shared First Names #3 - Statistics

General Stats
  • This quiz has been taken 153 times
  • The average score is 25 of 30
Answer Stats
Last Names First Name % Correct
Glover, Trump, Sutherland Donald
100%
Hardy, Cruise, Hanks Tom
100%
Gates, Clinton, Murray Bill
99%
Kardashian, Petras, Basinger Kim
99%
Pattinson, De Niro, Downey Jr. Robert
97%
Willis, Lee, Springsteen Bruce
96%
Smith, Ferrell, Arnett Will
96%
Bowie, Schwimmer, Beckham David
95%
Gosling, Reynolds, Seacrest Ryan
95%
Hudson, Winslet, Middleton Kate
94%
Pacino, Gore, Green Al
93%
Bomer, Damon, Dillon Matt
92%
Dempsey, Swayze, Stewart Patrick
92%
Lovato, Moore, Bennett Demi
90%
McAvoy, Franco, Corden James
90%
Parsons, Carrey, Morrison Jim
90%
Harmon, Wahlberg, Ruffalo Mark
90%
Tyson, Myers, O'Malley Mike
90%
Dormer, Portman, Wood Natalie
88%
Lynch, Fonda, Austen Jane
87%
Van Halen, Murphy, Redmayne Eddie
86%
Madden, Gere, Branson Richard
80%
Jett, Rivers, Cusack Joan
78%
Reeve, Lloyd, Walken Christopher
75%
Osbourne, Clarkson, Rowland Kelly
74%
Styles, Roberts, Louis-Dreyfus Julia
71%
Farrell, Hanks, Firth Colin
69%
Furlong, Norton, Herrmann Edward
55%
Foy, Danes, Forlani Claire
47%
Leslie, McGowan, Byrne Rose
37%
No matching quizzes found
Score Distribution
Percent of People with Each Score
Percentile by Number Answered
Your Score History
You have not taken this quiz